|
|
|
|
| LEADER |
00000nam a2200000Ii 4500 |
| 001 |
DIGAKAL0687 |
| 003 |
NyNyDIG |
| 008 |
220426s2021 sp ob 000 0 spa d |
| 006 |
m o d |
| 007 |
cr ||||||||||| |
| 035 |
|
|
|a (OCoLC)1319853823
|
| 040 |
|
|
|a DGITA
|b eng
|e rda
|e pn
|c DGITA
|
| 020 |
|
|
|a 9788446050506
|q eBook
|q ePub
|
| 020 |
|
|
|z 9788446050414
|
| 043 |
|
|
|a s------
|
| 050 |
1 |
4 |
|a JC494 ebook
|
| 082 |
0 |
4 |
|a 320
|
| 100 |
1 |
|
|a Tirado Sánchez, Arantxa,
|d 1978-
|e author.
|
| 245 |
1 |
3 |
|a El lawfare :
|b golpes de Estado en nombre de la ley /
|c Arantxa Tirado Sánchez.
|
| 264 |
|
1 |
|a Madrid, España :
|b Akal,
|c [2021]
|
| 300 |
|
|
|a 1 online resource.
|
| 336 |
|
|
|a text
|b txt
|2 rdacontent
|
| 336 |
|
|
|a still image
|2 rdacontent
|
| 337 |
|
|
|a computer
|b c
|2 rdamedia
|
| 338 |
|
|
|a online resource
|b cr
|2 rdacarrier
|
| 347 |
|
|
|a text file
|2 rdaft
|
| 347 |
|
|
|b PDF
|
| 490 |
1 |
|
|a Akal. A fondo
|
| 504 |
|
|
|a Includes bibliographical references.
|
| 588 |
0 |
|
|a Online resource; title from PDF title page (Digitalia, viewed Abril 26, 2022)
|
| 650 |
|
0 |
|a Law
|x Political aspects
|z South America.
|
| 650 |
|
0 |
|a Lawfare
|z South America.
|
| 651 |
|
0 |
|a South America
|x Politics and government.
|
| 655 |
|
0 |
|a Electronic books.
|
| 776 |
0 |
8 |
|i Print version:
|a Tirado Sánchez, Arantxa, 1978-
|t Lawfare.
|d Madrid, España : Akal, [2021]
|z 9788446050414
|
| 791 |
2 |
|
|a Digitalia (Firm),
|e distributor.
|
| 793 |
0 |
|
|g Digitalia eBook Collection:
|a Akal
|
| 830 |
|
0 |
|a A fondo (Akal Editor)
|
| 856 |
4 |
0 |
|3 Digitalia Hispánica
|u https://www.digitaliapublishing.com/a/83798/
|
| 910 |
|
|
|a Premium collection: 2022
|